[Event "VIE-chT (Women)"]
[Site "Ho Chi Minh City"]
[Date "2019.09.29"]
[Round "6.27"]
[White "Nguyen, Ngoc Doan Trang"]
[Black "Nguyen, Thi Thao Linh"]
[Result "0-1"]
[WhiteElo "1814"]
[BlackElo "1836"]
[PlyCount "44"]
[EventDate "2019.09.26"]
[EventType "swiss"]
[EventRounds "9"]
[EventCountry "VIE"]
[SourceTitle "EXT 2020"]
[Source "ChessBase"]
[SourceDate "2019.10.17"]
[SourceVersion "1"]
[SourceVersionDate "2019.10.17"]
[SourceQuality "1"]

1. e4 c5 2. c3 e5 3. d4 exd4 4. cxd4 cxd4 5. Qxd4 Nc6 6. Qd1 Nf6 7. Bd3 d5 8. exd5 Qxd5 9. Qf3 Bb4+ 10. Nd2 Qe5+ 11. Ne2 Bg4 12. Qf4 0-0-0 13. Qxe5 Nxe5 14. Bc2 Nc4 15. f3 Nxd2 16. Kf2 Be6 17. Bxd2 Rxd2 18. Rac1 Kb8 19. a3 Rc8 20. Ba4 Bc5+ 21. Ke1 Rxb2 22. Nc3 Be3 0-1

[Event "VIE-chT (Women)"]
[Site "Ho Chi Minh City"]
[Date "2019.09.28"]
[Round "4.20"]
[White "Tran, Phan Bao Khanh"]
[Black "Nguyen, Ngoc Doan Trang"]
[Result "1/2-1/2"]
[WhiteElo "1822"]
[BlackElo "1814"]
[PlyCount "173"]
[EventDate "2019.09.26"]
[EventType "swiss"]
[EventRounds "9"]
[EventCountry "VIE"]
[SourceTitle "EXT 2020"]
[Source "ChessBase"]
[SourceDate "2019.10.17"]
[SourceVersion "1"]
[SourceVersionDate "2019.10.17"]
[SourceQuality "1"]

1. d4 d5 2. c4 e6 3. Nf3 Nf6 4. g3 Be7 5. Bg2 0-0 6. 0-0 c5 7. cxd5 Nxd5 8. Nc3 cxd4 9. Nxd5 Qxd5 10. Nxd4 Qa5 11. Bd2 Qb6 12. Bc3 Bd7 13. e3 e5 14. Nb3 Bf6 15. Ba5 Qa6 16. Qd2 Bc6 17. Nc5 Qb5 18. Qb4 Qxb4 19. Bxb4 Bxg2 20. Kxg2 Be7 21. Rac1 Nc6 22. Ba3 Bxc5 23. Bxc5 Rfd8 24. Rfd1 a6 25. Bb6 Rxd1 26. Rxd1 Kf8 27. Rd7 Rb8 28. Bc7 Ke8 29. Rd5 Rc8 30. Bxe5 Nxe5 31. Rxe5+ Kf8 32. Ra5 Rc2 33. b3 g6 34. Ra4 Rb2 35. Rb4 Rxa2 36. Rxb7 a5 37. Kf3 a4 38. bxa4 Rxa4 39. h3 h6 40. Rd7 Ra5 41. e4 Ke8 42. Rd3 Ke7 43. Kf4 Ra2 44. f3 Ra5 45. Rb3 Rc5 46. Rb7+ Ke6 47. Rb6+ Ke7 48. h4 h5 49. g4 Ra5 50. Rb8 Rc5 51. Rh8 hxg4 52. fxg4 Rc1 53. h5 Kf6 54. hxg6 Kxg6 55. Rg8+ Kf6 56. g5+ Ke7 57. Ra8 Rc7 58. Kf5 Rb7 59. e5 Rb1 60. Ra7+ Kf8 61. Ra4 Ke7 62. Rf4 Re1 63. Rf2 Rg1 64. Rf3 Rg2 65. Ra3 Rg1 66. Ra7+ Kf8 67. e6 Rf1+ 68. Kg4 Rg1+ 69. Kf4 Rf1+ 70. Kg3 Rg1+ 71. Kf3 fxe6 72. Kf4 Rf1+ 73. Ke5 Rf5+ 74. Kxe6 Rf1 75. Ke5 Kg8 76. Rc7 Kf8 77. Ke4 Kg8 78. Ra7 Kf8 79. Ra5 Kg7 80. Ra6 Rf2 81. Ke5 Rf1 82. Rf6 Rxf6 83. gxf6+ Kf7 84. Kf5 Kf8 85. Ke6 Ke8 86. f7+ Kf8 87. Kf6 1/2-1/2

[Event "VIE-chT (Women)"]
[Site "Ho Chi Minh City"]
[Date "2017.07.25"]
[Round "3.31"]
[White "Thai, Ngoc Tuong Minh"]
[Black "Nguyen, Ngoc Doan Trang"]
[Result "1/2-1/2"]
[WhiteElo "1220"]
[BlackElo "1898"]
[PlyCount "85"]
[EventDate "2017.07.24"]
[EventType "team-swiss"]
[EventRounds "9"]
[EventCountry "VIE"]
[SourceTitle "EXT 2019"]
[Source "ChessBase"]
[SourceDate "2018.10.10"]
[SourceVersion "1"]
[SourceVersionDate "2018.10.10"]
[SourceQuality "1"]

1. d4 d5 2. c4 e5 3. e3 exd4 4. Qxd4 Nc6 5. Qd1 d4 6. exd4 Qxd4 7. Qxd4 Nxd4 8. Bd3 Be6 9. b3 0-0-0 10. Nd2 a6 11. Rb1 Nf6 12. Ne2 Bb4 13. a3 Bxd2+ 14. Bxd2 Rhe8 15. Be3 Bg4 16. Nxd4 Rxd4 17. Be2 Bxe2 18. Bxd4 Bd3+ 19. Kd2 Bxb1 20. Bxf6 Be4 21. Bxg7 Rg8 22. Re1 Rxg7 23. Rxe4 Rxg2 24. Rf4 Rg7 25. Kd3 Kd7 26. Kd4 Ke6 27. h3 f5 28. Rh4 Rd7+ 29. Ke3 Kf6 30. Rd4 Rxd4 31. Kxd4 Kg5 32. Ke5 f4 33. f3 h5 34. h4+ Kxh4 35. Kxf4 c5 36. Ke5 Kg3 37. f4 h4 38. f5 h3 39. f6 h2 40. f7 h1Q 41. f8Q Qa1+ 42. Kd5 Qd4+ 43. Ke6 1/2-1/2

[Event "VIE-chT (Women)"]
[Site "Ho Chi Minh City"]
[Date "2017.07.24"]
[Round "2.44"]
[White "Nguyen, Ngoc Doan Trang"]
[Black "Phan, Thi My Huong"]
[Result "1-0"]
[WhiteElo "1898"]
[BlackElo "1922"]
[PlyCount "99"]
[EventDate "2017.07.24"]
[EventType "team-swiss"]
[EventRounds "9"]
[EventCountry "VIE"]
[SourceTitle "EXT 2019"]
[Source "ChessBase"]
[SourceDate "2018.10.10"]
[SourceVersion "1"]
[SourceVersionDate "2018.10.10"]
[SourceQuality "1"]

1. e4 d6 2. d4 Nf6 3. Nc3 Nbd7 4. Nf3 e5 5. dxe5 dxe5 6. Bc4 Bc5 7. Bg5 0-0 8. Nd5 Bxf2+ 9. Kf1 Bc5 10. Nxf6+ Nxf6 11. Qxd8 Rxd8 12. Nxe5 Be6 13. Bxe6 fxe6 14. Nd3 Rf8 15. Bxf6 Rxf6+ 16. Ke2 Bb6 17. Rhf1 Raf8 18. Rf3 Rxf3 19. gxf3 Rf6 20. Rh1 c6 21. f4 Kf8 22. c3 Ke7 23. h4 Rg6 24. Kf3 h5 25. Ne5 Rg1 26. Rxg1 Bxg1 27. Nc4 b5 28. Na5 Kd6 29. Nb3 e5 30. Nc1 exf4 31. Ne2 Be3 32. Nxf4 Bc1 33. b3 Bb2 34. Ne2 Ke5 35. Nd4 Kd6 36. Nf5+ Kc5 37. Nxg7 Bxc3 38. Nxh5 Kb4 39. Nf4 Ka3 40. Nd3 Bf6 41. h5 Kxa2 42. e5 Bg7 43. e6 Bf6 44. h6 Kxb3 45. Nc5+ Kc4 46. Ne4 b4 47. h7 b3 48. e7 b2 49. e8Q b1Q 50. Nd2+ 1-0